|
|
|
|
| LEADER |
01722nam a2200409 i 4500 |
| 001 |
EBC5327239 |
| 003 |
MiAaPQ |
| 005 |
20200520144314.0 |
| 006 |
m o d | |
| 007 |
cr cnu|||||||| |
| 008 |
180416t20182018nyua ob 001 0 eng d |
| 020 |
|
|
|z 9781945612701
|
| 020 |
|
|
|a 9781945612718
|q (electronic bk.)
|
| 035 |
|
|
|a (MiAaPQ)EBC5327239
|
| 035 |
|
|
|a (Au-PeEL)EBL5327239
|
| 035 |
|
|
|a (CaPaEBR)ebr11533444
|
| 035 |
|
|
|a (OCoLC)1030031630
|
| 040 |
|
|
|a MiAaPQ
|b eng
|e rda
|e pn
|c MiAaPQ
|d MiAaPQ
|
| 050 |
|
4 |
|a QC595
|b .I493 2018
|
| 082 |
0 |
|
|a 537.2446
|2 23
|
| 100 |
1 |
|
|a Ilyas, Mohammad Adnan,
|e author.
|
| 245 |
1 |
0 |
|a Piezoelectric energy harvesting :
|b methods, progress, and challenges /
|c Mohammad Adnan Ilyas.
|
| 264 |
|
1 |
|a New York :
|b Momentum Press,
|c 2018.
|
| 264 |
|
4 |
|c 2018
|
| 300 |
|
|
|a 1 online resource (74 pages) :
|b illustrations, tables
|
| 336 |
|
|
|a text
|2 rdacontent
|
| 337 |
|
|
|a computer
|2 rdamedia
|
| 338 |
|
|
|a online resource
|2 rdacarrier
|
| 504 |
|
|
|a Includes bibliographical references and index.
|
| 588 |
|
|
|a Description based on online resource; title from PDF title page (EBC, viewed April 14, 2018).
|
| 590 |
|
|
|a Electronic reproduction. Ann Arbor, MI : ProQuest, 2018. Available via World Wide Web. Access may be limited to ProQuest affiliated libraries.
|
| 650 |
|
0 |
|a Piezoelectricity.
|
| 650 |
|
0 |
|a Energy harvesting.
|
| 655 |
|
4 |
|a Electronic books.
|
| 776 |
0 |
8 |
|i Print version:
|a Ilyas, Mohammad Adnan.
|t Piezoelectric energy harvesting : methods, progress, and challenges.
|d New York : Momentum Press, c2018
|h viii, 58 pages
|z 9781945612701
|
| 797 |
2 |
|
|a ProQuest (Firm)
|
| 856 |
4 |
0 |
|u https://ebookcentral.proquest.com/lib/matrademy/detail.action?docID=5327239
|z Click to View
|